000 02482cam a22006374i 4500
003 PE-LiUPU
005 20250731170453.0
008 150706s2011 mx a rb 000 0 spa d
020 _a6074813744
020 _a9786074813746
035 _a(Sirsi) i9786074813746
040 _aPE-LiUPU
_bspa
_cPE-LiUPU
_dPE-LiUPU
_erda
049 _aPRUA
082 0 4 _a153.7
_bG662011
_221
100 1 _aGoldstein, E. Bruce,
_d1941-,
_eautor.
245 1 0 _aSensación y percepción /
_cE. Bruce Goldstein.
250 _a8a edición.
264 1 _aMéxico :
_bInternational Thomson Edits,
_c2011.
300 _a459 páginas :
_bilustraciones ;
_c26 centímetros
300 _a01 CD-ROM.
336 _atext
_2rdacontent
337 _aunmediated
_2rdamedia
338 _avolume
_2rdacarrier
504 _aIncluye bibliografía.
505 0 _aIntroducción a la percepción -- Introducción a la fisiología de la percepción -- Introducción a la visión -- La corteza visual y más allá -- Percepción de los objetos y escenas -- Atención visual -- Realización de acciones -- Realización del movimiento -- Percepción del color -- Percepción de la profundidad y el tamaño -- Sonido, sistema auditivo y percepción del tono -- Localización de sonidos y la escena auditiva -- Percepción del habla -- Los sentidos cutáneos -- Los sentidos químicos -- Desarrollo perceptual -- Teorías de detección de señales.
526 _aSEG68
526 _aSEG70
526 _aSEG69
526 _aSEG67
526 _aSEG43
526 _aP144
526 _aP143
526 _aP131
526 _aP122
526 _aP120
526 _aP117
526 _aP112
526 _aP110
526 _aP106
526 _aP101
526 _aP80
526 _aP59
526 _aP54
526 _aP35
526 _aP33
526 _aP30
541 _g001-003364;
650 0 4 _aSentidos y sensaciones.
650 0 4 _aPercepción.
910 _agl20110907
942 _2ddc
_cBOOK
949 _a153.7 G66 2011
_wDEWEY
_c1
_i63635
_lCCODEBUL1
_mBUL
_p52.00
_r0
_sY
_tBOOK
_u2015-7-6
_xSALUD
_PP33
_o.STAFF. Colección Ciencias de la Salud
994 _aC0
_bPEPRU
596 _a1
999 _a153.7 G66 2011
_wDEWEY
_c52545
_i63635
_d52545
_e2019-8-21
_f2021-11-3
_g5
_lCCODEBUL1
_mBUL
_n19
_p52.00
_q8
_r0
_sY
_tBOOK
_u2015-7-6
_xSALUD
_zP33
_0COMPRA
_o.STAFF. Colección Ciencias de la Salud
980 _81
_gALBERTO SANCHEZ Responsable de Automatización